[Event "H.C Andersen Open"]
[Site "Odense"]
[Date "2013.05.08"]
[Round "1"]
[White "Andersen, Bjarne Hjorth"]
[Black "Nielsen, Poul Erik"]
[Result "0-1"]
[WhiteElo "2026"]
[BlackElo "2107"]
[PlyCount "76"]
[EventDate "2013.05.08"]
[EventType "swiss"]
[EventRounds "9"]
[EventCountry "DEN"]
[SourceTitle "CBM 154 Extra"]
[Source "ChessBase"]
[SourceDate "2013.06.25"]

1. e4 c5 2. Bc4 Nc6 3. c3 Nf6 4. d3 e6 5. Qe2 d5 6. Bb3 Be7 7. e5 Nd7 8. Nf3
Qc7 9. Bf4 b5 10. Bc2 a5 11. O-O h6 12. Re1 g5 13. Bg3 Bb7 14. h3 b4 15. Nbd2
a4 16. c4 d4 17. Qd1 a3 18. bxa3 Rxa3 19. Bb3 Nb6 20. Ne4 Nc8 21. Nf6+ Kf8 22.
Ne4 Na5 23. Ned2 Nc6 24. Nb1 Ra8 25. a4 Na5 26. Nbd2 Nb6 27. Ne4 Ba6 28. Nd6
Nxb3 29. Nb5 Bxb5 30. cxb5 Nxa1 31. Qxa1 Rxa4 32. Qd1 Ra3 33. Nh2 Nd5 34. Ng4
Qa5 35. f3 Qxb5 36. Nf2 Nc3 37. Qc2 b3 38. Qb2 Ra2 0-1

[Event "H.C Andersen Open"]
[Site "Odense"]
[Date "2013.05.08"]
[Round "1"]
[White "Bach, Matthias"]
[Black "Ottesen, Soren Rud"]
[Result "1-0"]
[WhiteElo "2252"]
[BlackElo "1831"]
[PlyCount "33"]
[EventDate "2013.05.08"]
[EventType "swiss"]
[EventRounds "9"]
[EventCountry "DEN"]
[SourceTitle "CBM 154 Extra"]
[Source "ChessBase"]
[SourceDate "2013.06.25"]

1. e4 c5 2. a3 d6 3. b4 b6 4. Nc3 Bb7 5. bxc5 bxc5 6. Rb1 Qc8 7. Nf3 Nc6 8. Bb5
a6 9. Ba4 e6 10. d4 cxd4 11. Nxd4 Nge7 12. Nd5 Rb8 13. Nxe7 Kxe7 14. Rxb7+ Rxb7
15. Nxc6+ Kf6 16. Qf3+ Kg6 17. Qg4+ 1-0

[Event "H.C Andersen Open"]
[Site "Odense"]
[Date "2013.05.08"]
[Round "1"]
[White "Bae, Torstein"]
[Black "Jensen, Tobias Ilsoe"]
[Result "1-0"]
[WhiteElo "2442"]
[BlackElo "1905"]
[PlyCount "103"]
[EventDate "2013.05.08"]
[EventType "swiss"]
[EventRounds "9"]
[EventCountry "DEN"]
[SourceTitle "CBM 154 Extra"]
[Source "ChessBase"]
[SourceDate "2013.06.25"]

1. Nf3 c5 2. g3 d5 3. c4 e6 4. Bg2 Nc6 5. cxd5 exd5 6. O-O Nf6 7. d4 c4 8. Ne5
Qb6 9. e3 Bf5 10. Nc3 Rd8 11. b3 cxb3 12. Qxb3 Qxb3 13. axb3 Bb4 14. Bb2 a5 15.
Rfc1 Nxe5 16. dxe5 Ne4 17. Nxe4 Bxe4 18. Rc7 b5 19. e6 fxe6 20. Rxg7 Rf8 21.
Rb7 Rf7 22. Rxb5 Bc2 23. Ba3 Bxb3 24. Bxb4 axb4 25. Rxb4 Bc4 26. h4 Rc7 27. Rb6
Ke7 28. Rab1 Rd6 29. Bh3 Rcd7 30. Rxd6 Rxd6 31. Rb7+ Rd7 32. Rxd7+ Kxd7 33. g4
h6 34. Bf1 Bb3 35. Kg2 e5 36. Kg3 Bc2 37. Bh3 Ke7 38. f4 d4 39. exd4 exd4 40.
Kf2 Kf6 41. Ke2 Be4 42. Kd2 Kg6 43. Bf1 Kf6 44. Bd3 Bd5 45. Ke2 Bc6 46. Kf2 Bd7
47. Kg3 Bc8 48. g5+ hxg5 49. hxg5+ Kf7 50. f5 Bb7 51. Kf4 Bc8 52. Ke4 1-0

[Event "H.C Andersen Open"]
[Site "Odense"]
[Date "2013.05.08"]
[Round "1"]
[White "Becker, Martin"]
[Black "Haub, Thorsten Michael"]
[Result "0-1"]
[WhiteElo "1910"]
[BlackElo "2462"]
[PlyCount "78"]
[EventDate "2013.05.08"]
[EventType "swiss"]
[EventRounds "9"]
[EventCountry "DEN"]
[SourceTitle "CBM 154 Extra"]
[Source "ChessBase"]
[SourceDate "2013.06.25"]

1. e4 g6 2. d4 Bg7 3. c4 d6 4. Nc3 Nd7 5. f4 e5 6. fxe5 dxe5 7. d5 Ngf6 8. Be3
O-O 9. Be2 c6 10. Qd2 cxd5 11. cxd5 a6 12. Nh3 b5 13. a3 Nb6 14. Nf2 Ne8 15.
Bc5 Nd6 16. b3 f5 17. O-O Rf6 18. exf5 gxf5 19. Nd3 Nb7 20. Bf2 Nxd5 21. Bh4
Nxc3 22. Qxc3 Qb6+ 23. Bf2 Rc6 24. Qb4 Qc7 25. Rac1 Be6 26. Rxc6 Qxc6 27. Rc1
Qd7 28. Rd1 Qf7 29. Nc1 Qf8 30. Qc3 Rc8 31. Qf3 Nc5 32. b4 Ne4 33. Be1 Qe7 34.
Qd3 Bh6 35. Nb3 Qa7+ 36. Kf1 Qe3 37. Nc1 Rxc1 38. Qd8+ Bf8 39. Rd3 Qf2# 0-1

[Event "H.C Andersen Open"]
[Site "Odense"]
[Date "2013.05.08"]
[Round "1"]
[White "Carlstedt, Jonathan"]
[Black "Iversen, Christian"]
[Result "1-0"]
[WhiteElo "2373"]
[BlackElo "1876"]
[PlyCount "53"]
[EventDate "2013.05.08"]
[EventType "swiss"]
[EventRounds "9"]
[EventCountry "DEN"]
[SourceTitle "CBM 154 Extra"]
[Source "ChessBase"]
[SourceDate "2013.06.25"]

1. c4 c5 2. Nc3 Nc6 3. Nf3 Nf6 4. e3 g6 5. d4 cxd4 6. exd4 d5 7. Bg5 Be6 8.
Bxf6 exf6 9. Be2 Bg7 10. O-O O-O 11. Rc1 f5 12. Qd2 dxc4 13. Rfd1 Nb4 14. d5
Bxc3 15. bxc3 Nxd5 16. Bxc4 Nb6 17. Qh6 Qf6 18. Ng5 Qg7 19. Qxg7+ Kxg7 20. Bxe6
fxe6 21. Nxe6+ Kf7 22. Nxf8 Rxf8 23. c4 Ke7 24. c5 Nd7 25. c6 bxc6 26. Rxc6 Rf6
27. Rxd7+ 1-0

[Event "H.C Andersen Open"]
[Site "Odense"]
[Date "2013.05.08"]
[Round "1"]
[White "Epishin, Vladimir"]
[Black "Johansen, Johnny Holler"]
[Result "1-0"]
[WhiteElo "2603"]
[BlackElo "2002"]
[PlyCount "49"]
[EventDate "2013.05.08"]
[EventType "swiss"]
[EventRounds "9"]
[EventCountry "DEN"]
[SourceTitle "CBM 154 Extra"]
[Source "ChessBase"]
[SourceDate "2013.06.25"]

1. d4 Nf6 2. Nf3 d5 3. c4 g6 4. cxd5 Nxd5 5. e4 Nb6 6. Be3 Bg7 7. Nbd2 Bg4 8.
Be2 N8d7 9. O-O O-O 10. Qc2 c6 11. Rad1 Qc7 12. h3 Bxf3 13. Nxf3 Rac8 14. a4
Nf6 15. Rd2 Nbd7 16. Rc1 Qb8 17. b4 e5 18. Rcd1 exd4 19. Rxd4 Ne5 20. Qd2 Nh5
21. Nxe5 Bxe5 22. Bxh5 gxh5 23. Bh6 Bxd4 24. Qg5+ Kh8 25. Rxd4 1-0

[Event "H.C Andersen Open"]
[Site "Odense"]
[Date "2013.05.08"]
[Round "1"]
[White "Hamann, Brian"]
[Black "Carstensen, Jacob"]
[Result "0-1"]
[WhiteElo "1877"]
[BlackElo "2381"]
[PlyCount "56"]
[EventDate "2013.05.08"]
[EventType "swiss"]
[EventRounds "9"]
[EventCountry "DEN"]
[SourceTitle "CBM 154 Extra"]
[Source "ChessBase"]
[SourceDate "2013.06.25"]

1. d4 Nf6 2. Nf3 c5 3. d5 e6 4. c4 b5 5. cxb5 Nxd5 6. e4 Nf6 7. Bg5 Bb7 8. Nbd2
Qa5 9. Bxf6 gxf6 10. Bd3 a6 11. bxa6 Nxa6 12. O-O Nb4 13. Bc4 Qc7 14. a3 Nc6
15. Re1 Bd6 16. Rc1 Ne5 17. Bb5 O-O 18. Nxe5 Bxe5 19. Qg4+ Kh8 20. Qh4 Rg8 21.
Nc4 Bd4 22. Rcd1 Rg6 23. Ne3 d6 24. Bd3 Bxb2 25. e5 f5 26. exd6 Qc6 27. Bf1 Bf6
28. Qh3 Bd4 0-1

[Event "H.C Andersen Open"]
[Site "Odense"]
[Date "2013.05.08"]
[Round "1"]
[White "Hansen, Mads"]
[Black "Jensen, Soren2"]
[Result "1-0"]
[WhiteElo "2306"]
[BlackElo "1836"]
[PlyCount "57"]
[EventDate "2013.05.08"]
[EventType "swiss"]
[EventRounds "9"]
[EventCountry "DEN"]
[SourceTitle "CBM 154 Extra"]
[Source "ChessBase"]
[SourceDate "2013.06.25"]

1. e4 c6 2. d4 d5 3. Nc3 dxe4 4. Nxe4 Bf5 5. Ng3 Bg6 6. h4 h6 7. Bc4 e6 8. N1e2
Bd6 9. Nf4 Bxf4 10. Bxf4 Nf6 11. h5 Bh7 12. c3 b5 13. Bb3 O-O 14. O-O Re8 15.
a4 Nd5 16. Bd2 Nd7 17. Qf3 N7f6 18. axb5 cxb5 19. Ra6 Nc7 20. Rc6 a5 21. Re1
Nfd5 22. Qg4 Kh8 23. Bf4 Qd7 24. Rd6 Qe7 25. Bxd5 Nxd5 26. Rxd5 Qb7 27. Rc5 b4
28. Be5 f6 29. Rc7 1-0

[Event "H.C Andersen Open"]
[Site "Odense"]
[Date "2013.05.08"]
[Round "1"]
[White "Heinemann, Guido"]
[Black "Bromann, Thorbjorn"]
[Result "1/2-1/2"]
[WhiteElo "1856"]
[BlackElo "2368"]
[PlyCount "99"]
[EventDate "2013.05.08"]
[EventType "swiss"]
[EventRounds "9"]
[EventCountry "DEN"]
[SourceTitle "CBM 154 Extra"]
[Source "ChessBase"]
[SourceDate "2013.06.25"]

1. e4 e6 2. d4 d5 3. Nc3 Nf6 4. Bg5 Bb4 5. e5 h6 6. Bd2 Bxc3 7. bxc3 Ne4 8. Bd3
Nxd2 9. Qxd2 c5 10. Nf3 Nc6 11. O-O Qa5 12. dxc5 Qxc5 13. Rfb1 O-O 14. Rb5 Qe7
15. a4 b6 16. Rbb1 Bd7 17. c4 dxc4 18. Bxc4 Na5 19. Bd3 Rac8 20. Rb4 Bc6 21.
Rg4 Bxf3 22. Qxh6 f5 23. exf6 Qxf6 24. Qxf6 Rxf6 25. gxf3 Rxf3 26. Re1 Kf7 27.
Ree4 Rf6 28. Rd4 Rc7 29. Rdf4 Nb7 30. Bg6+ Ke7 31. Rd4 Nc5 32. Bh5 g6 33. Rxg6
Rxg6+ 34. Bxg6 e5 35. Rh4 Kf6 36. Bd3 Rd7 37. Bb5 Rd2 38. Rc4 a6 39. Bc6 Ne6
40. Be4 Nf4 41. h4 Nh3+ 42. Kg2 Nxf2 43. Rc6+ Ke7 44. Kf3 Rd4 45. Kxf2 Rxe4 46.
Rxb6 Rxh4 47. Rxa6 Rh2+ 48. Ke3 Rxc2 49. Kd3 Rc5 50. Ke4 1/2-1/2

[Event "H.C Andersen Open"]
[Site "Odense"]
[Date "2013.05.08"]
[Round "1"]
[White "Jacobsen, Steen Hefsgaard"]
[Black "Poulsen, Iver"]
[Result "0-1"]
[WhiteElo "2041"]
[BlackElo "2054"]
[PlyCount "50"]
[EventDate "2013.05.08"]
[EventType "swiss"]
[EventRounds "9"]
[EventCountry "DEN"]
[SourceTitle "CBM 154 Extra"]
[Source "ChessBase"]
[SourceDate "2013.06.25"]

1. d4 e6 2. Bf4 c5 3. e3 Qb6 4. b3 Nc6 5. Nf3 Nf6 6. Be2 Nd5 7. Bg3 cxd4 8.
exd4 Bb4+ 9. Kf1 Nc3 10. Qd3 Nxe2 11. Kxe2 Be7 12. c3 d5 13. Nbd2 Bd7 14. a4 a5
15. Rhc1 O-O 16. Ne5 Nxe5 17. Bxe5 Rfc8 18. Rc2 f6 19. Bf4 Be8 20. Rcc1 Qa6 21.
Qxa6 Rxa6 22. c4 Rac6 23. Rab1 Ba3 24. Rc3 Bg6 25. Re1 Bb2 0-1

[Event "H.C Andersen Open"]
[Site "Odense"]
[Date "2013.05.08"]
[Round "1"]
[White "Jannik, Morten Emil"]
[Black "Jepsen, Thomas"]
[Result "1-0"]
[WhiteElo "1610"]
[BlackElo "2168"]
[PlyCount "61"]
[EventDate "2013.05.08"]
[EventType "swiss"]
[EventRounds "9"]
[EventCountry "DEN"]
[SourceTitle "CBM 154 Extra"]
[Source "ChessBase"]
[SourceDate "2013.06.25"]

1. e4 d6 2. Nf3 Nf6 3. Nc3 c6 4. d4 g6 5. Bd3 Bg7 6. O-O O-O 7. Be3 b5 8. a3
Bg4 9. h3 Bd7 10. Qd2 Re8 11. Bh6 Bh8 12. e5 Nh5 13. g4 Ng7 14. exd6 exd6 15.
Ne4 Rxe4 16. Bxe4 f5 17. Rae1 fxe4 18. Rxe4 Na6 19. Rfe1 Nc7 20. Ng5 Nd5 21. b3
Qc8 22. c4 Nf6 23. Qf4 Qf8 24. Re7 Ne6 25. R1xe6 Qxh6 26. Rxd7 Rf8 27. Rdxd6
Nd5 28. Qe4 Nf6 29. Rxf6 Bxf6 30. Qe6+ Kh8 31. Nf7+ 1-0

[Event "H.C Andersen Open"]
[Site "Odense"]
[Date "2013.05.08"]
[Round "1"]
[White "Matras, Ove"]
[Black "Jacobsen, Bo"]
[Result "0-1"]
[WhiteElo "1855"]
[BlackElo "2319"]
[PlyCount "60"]
[EventDate "2013.05.08"]
[EventType "swiss"]
[EventRounds "9"]
[EventCountry "DEN"]
[SourceTitle "CBM 154 Extra"]
[Source "ChessBase"]
[SourceDate "2013.06.25"]

1. b3 d5 2. e3 e5 3. Bb2 Bd6 4. c4 Nf6 5. cxd5 Nxd5 6. Nc3 c6 7. Nf3 Qe7 8. Bc4
Nb6 9. Be2 O-O 10. Qc2 N8d7 11. g4 Ba3 12. Bxa3 Qxa3 13. Bd3 g6 14. g5 Nd5 15.
Qc1 Qe7 16. Ne4 f5 17. gxf6 N7xf6 18. h3 Bf5 19. Nxf6+ Qxf6 20. e4 Nf4 21. Bc4+
Be6 22. Qc3 Bxc4 23. Qxc4+ Rf7 24. O-O-O b5 25. Qf1 Rd8 26. Ne1 Rfd7 27. f3
Nd3+ 28. Kb1 Nxe1 29. Qxe1 Qxf3 30. Rh2 Rd4 0-1

[Event "H.C Andersen Open"]
[Site "Odense"]
[Date "2013.05.08"]
[Round "1"]
[White "Murtuzov, Rauf Mubariz"]
[Black "Rusev, Krasimir"]
[Result "0-1"]
[WhiteElo "1995"]
[BlackElo "2545"]
[PlyCount "122"]
[EventDate "2013.05.08"]
[EventType "swiss"]
[EventRounds "9"]
[EventCountry "DEN"]
[SourceTitle "CBM 154 Extra"]
[Source "ChessBase"]
[SourceDate "2013.06.25"]

1. e4 c5 2. Nf3 d6 3. c4 Nc6 4. d4 Bg4 5. d5 Bxf3 6. Qxf3 Nd4 7. Qd1 g6 8. Bd3
Bg7 9. O-O e6 10. Nc3 Ne7 11. Bg5 O-O 12. f4 Qd7 13. Re1 e5 14. Bxe7 Qxe7 15.
f5 h5 16. Ne2 Bh6 17. Nxd4 exd4 18. Rf1 Be3+ 19. Kh1 Qg5 20. Qf3 Rae8 21. g3
Qh6 22. Rae1 g5 23. g4 hxg4 24. Qxg4 f6 25. Rf3 Qh4 26. Qxh4 gxh4 27. Rh3 Bg5
28. a3 Rf7 29. b4 Rc7 30. Rb1 Ree7 31. Rf3 Rg7 32. e5 dxe5 33. d6 Rc6 34. Be4
Rxd6 35. bxc5 Rdd7 36. Rfb3 Rc7 37. Rxb7 Rxc5 38. Rb8+ Kh7 39. Ra8 Be3 40. Rf8
Rxc4 41. Rxf6 d3 42. Bxd3 Rd4 43. Bc2 Rd2 44. Be4 Bf4 45. Rg6 h3 46. Rf1 Rxh2+
47. Kg1 Re2 48. Bd3 Re3 49. Bb1 Rxa3 50. Kh1 Rxg6 51. fxg6+ Kh6 52. Rg1 h2 53.
Rg2 Re3 54. Rxh2+ Bxh2 55. Kxh2 a5 56. Kg2 a4 57. Kf2 Rb3 58. Be4 a3 59. Bd5 a2
60. Bxb3 a1=Q 61. Bf7 Qc3 0-1

[Event "H.C Andersen Open"]
[Site "Odense"]
[Date "2013.05.08"]
[Round "1"]
[White "Nielsen, John Bauneborg"]
[Black "Christensen, Kristen Bjorn"]
[Result "1-0"]
[WhiteElo "2161"]
[BlackElo "1579"]
[PlyCount "29"]
[EventDate "2013.05.08"]
[EventType "swiss"]
[EventRounds "9"]
[EventCountry "DEN"]
[SourceTitle "CBM 154 Extra"]
[Source "ChessBase"]
[SourceDate "2013.06.25"]

1. d4 f5 2. e4 fxe4 3. Nc3 Nf6 4. Bg5 g6 5. h4 d6 6. h5 Bf5 7. Bxf6 exf6 8. g4
Be6 9. hxg6 h6 10. d5 Bd7 11. Bg2 f5 12. gxf5 Bxf5 13. Qh5 Qf6 14. g7+ Bg6 15.
gxh8=Q 1-0

[Event "H.C Andersen Open"]
[Site "Odense"]
[Date "2013.05.08"]
[Round "1"]
[White "Ochsner, Bjorn Moller"]
[Black "Hylle Wiig, Lennart Moesgaard"]
[Result "1-0"]
[WhiteElo "2347"]
[BlackElo "1856"]
[PlyCount "53"]
[EventDate "2013.05.08"]
[EventType "swiss"]
[EventRounds "9"]
[EventCountry "DEN"]
[SourceTitle "CBM 154 Extra"]
[Source "ChessBase"]
[SourceDate "2013.06.25"]

1. e4 c5 2. Nf3 g6 3. d4 cxd4 4. Nxd4 Bg7 5. c4 Nc6 6. Be3 d6 7. Nc3 Bd7 8. Be2
Nf6 9. O-O O-O 10. Qd2 Ng4 11. Bxg4 Bxg4 12. Rac1 Rc8 13. Nd5 Bd7 14. Ne2 b6
15. b3 f5 16. exf5 Bxf5 17. Ng3 Be6 18. Rfe1 Qd7 19. Bg5 Rf7 20. Ne4 Rcf8 21.
Bh6 Ne5 22. Bxg7 Kxg7 23. Qd4 Bxd5 24. cxd5 Qg4 25. h3 Qf5 26. Rf1 Kg8 27. f4
1-0

[Event "H.C Andersen Open"]
[Site "Odense"]
[Date "2013.05.08"]
[Round "1"]
[White "Olsson, Tomas"]
[Black "Danielsen, Henrik"]
[Result "0-1"]
[WhiteElo "1936"]
[BlackElo "2500"]
[PlyCount "84"]
[EventDate "2013.05.08"]
[EventType "swiss"]
[EventRounds "9"]
[EventCountry "DEN"]
[SourceTitle "CBM 154 Extra"]
[Source "ChessBase"]
[SourceDate "2013.06.25"]

1. e4 g6 2. d4 d6 3. c4 e5 4. dxe5 dxe5 5. Qxd8+ Kxd8 6. Be3 Be6 7. Nf3 f6 8.
Be2 Nd7 9. O-O Bh6 10. Bxh6 Nxh6 11. Nc3 c6 12. Rfd1 Ke7 13. Rd2 a5 14. Na4 b6
15. b3 Rab8 16. Nc3 Nc5 17. Rad1 Nf7 18. Ne1 Rhd8 19. Rxd8 Nxd8 20. Nc2 Ndb7
21. f3 Nd6 22. Ne3 Rf8 23. Rd2 f5 24. exf5 gxf5 25. Bd1 f4 26. Nf1 h5 27. Bc2
h4 28. h3 Rg8 29. Kf2 Rd8 30. Re2 Kf6 31. Nd2 b5 32. cxb5 cxb5 33. Nde4+ Ndxe4+
34. Nxe4+ Nxe4+ 35. Bxe4 b4 36. Rc2 Rc8 37. Rxc8 Bxc8 38. Ke2 Ke6 39. Kd2 Kd6
40. Bd3 Kc5 41. Be4 Kd4 42. Bd3 Bd7 0-1

[Event "H.C Andersen Open"]
[Site "Odense"]
[Date "2013.05.08"]
[Round "1"]
[White "Brondt, Nicolai Kvist"]
[Black "Nielsen, Thomas"]
[Result "1-0"]
[WhiteElo "2169"]
[BlackElo "1628"]
[PlyCount "147"]
[EventDate "2013.05.08"]
[EventType "swiss"]
[EventRounds "9"]
[EventCountry "DEN"]
[SourceTitle "CBM 154 Extra"]
[Source "ChessBase"]
[SourceDate "2013.06.25"]

1. Nf3 Nf6 2. c4 d5 3. d4 e6 4. Bg5 Nbd7 5. Nc3 c6 6. e3 Be7 7. Bd3 dxc4 8.
Bxc4 Nd5 9. Bxe7 Qxe7 10. O-O Qb4 11. Qb3 Qxb3 12. Bxb3 O-O 13. Rac1 Re8 14.
Bxd5 exd5 15. b4 Nb6 16. Ne5 f6 17. Nd3 Bf5 18. Nb2 a5 19. b5 cxb5 20. Nxb5
Red8 21. Rc5 Rac8 22. Rfc1 Rxc5 23. dxc5 Nc4 24. Nxc4 dxc4 25. Nd6 Bd3 26. Nxb7
Rc8 27. f3 Rc7 28. Nxa5 Rxc5 29. Nb7 Rc6 30. Kf2 Rb6 31. Nc5 Rb2+ 32. Kg3 Rxa2
33. Nxd3 cxd3 34. Rd1 Ra3 35. Rd2 g5 36. e4 Kf7 37. Kf2 Ke6 38. Ke3 f5 39. g3
fxe4 40. fxe4 Ke5 41. Rxd3 Ra4 42. Rd5+ Kf6 43. Rf5+ Kg6 44. Rf2 h5 45. Rd2 Kf6
46. Rd6+ Ke5 47. Rd5+ Kf6 48. h4 Ra3+ 49. Rd3 Ra4 50. Rd6+ Ke7 51. Rd5 Ra3+ 52.
Rd3 Ra5 53. hxg5 Rxg5 54. Kf4 Rg6 55. Rd5 Rh6 56. Kg5 Rh8 57. Kh4 Kf7 58. Rxh5
Re8 59. e5 Ke6 60. Kg4 Rf8 61. Rg5 Rf1 62. Rg8 Kxe5 63. Re8+ Kd6 64. Kg5 Rf7
65. g4 Kd7 66. Re1 Rf8 67. Kh6 Rg8 68. g5 Rh8+ 69. Kg7 Ra8 70. Kf7 Kd6 71. g6
Ra7+ 72. Kf6 Ra8 73. Rd1+ Kc5 74. g7 1-0

[Event "H.C Andersen Open"]
[Site "Odense"]
[Date "2013.05.08"]
[Round "1"]
[White "Rasmussen, Jens"]
[Black "Bjerke, Silje"]
[Result "0-1"]
[WhiteElo "1713"]
[BlackElo "2210"]
[PlyCount "110"]
[EventDate "2013.05.08"]
[EventType "swiss"]
[EventRounds "9"]
[EventCountry "DEN"]
[SourceTitle "CBM 154 Extra"]
[Source "ChessBase"]
[SourceDate "2013.06.25"]

1. d4 d5 2. Nf3 Nf6 3. e3 Bf5 4. Be2 e6 5. O-O Bd6 6. Nbd2 Nbd7 7. c4 c6 8. a3
h6 9. b4 O-O 10. Bb2 Qb8 11. h3 Bh7 12. Ne1 e5 13. cxd5 Nxd5 14. Nc4 Bc7 15.
dxe5 Nxe5 16. Qd4 f6 17. Qd1 Rd8 18. Qb3 Kh8 19. Nxe5 Bxe5 20. Nf3 Bxb2 21.
Qxb2 Qd6 22. Rfd1 Qe7 23. Rd2 Rd6 24. Rad1 Rad8 25. Qb3 Be4 26. Rd4 f5 27. Ne1
Nf4 28. Bf1 Rxd4 29. exd4 Qg5 30. Qg3 Qxg3 31. fxg3 Ne6 32. Nf3 Bxf3 33. gxf3
Nxd4 34. Kf2 g6 35. Bc4 Kg7 36. Re1 Kf6 37. f4 b6 38. h4 b5 39. Ba2 Rd7 40. Rd1
Ke7 41. Rd2 Ne6 42. Re2 Rd6 43. Ke1 Kd7 44. Re5 Nd4 45. Rc5 Nf3+ 46. Ke2 Nd2
47. h5 Ne4 48. Rc2 Nxg3+ 49. Ke3 Nxh5 50. Rh2 Nf6 51. Rc2 Ng4+ 52. Ke2 Rd4 53.
Bf7 Rxf4 54. Rc5 Re4+ 55. Kf1 Ne5 0-1

[Event "H.C Andersen Open"]
[Site "Odense"]
[Date "2013.05.08"]
[Round "1"]
[White "Rendboe, John Filip"]
[Black "Rasmussen, Morten Thor"]
[Result "1-0"]
[WhiteElo "2241"]
[BlackElo "1719"]
[PlyCount "45"]
[EventDate "2013.05.08"]
[EventType "swiss"]
[EventRounds "9"]
[EventCountry "DEN"]
[SourceTitle "CBM 154 Extra"]
[Source "ChessBase"]
[SourceDate "2013.06.25"]

1. d4 d5 2. c4 c6 3. Nf3 Nf6 4. Nc3 e6 5. cxd5 exd5 6. Bg5 Be7 7. Qc2 Na6 8. e3
Nc7 9. Bd3 h6 10. Bh4 Be6 11. O-O O-O 12. a3 a5 13. Ne5 Nd7 14. Bg3 Bh4 15.
Nxd7 Bxd7 16. Bxc7 Qxc7 17. Nxd5 Qd8 18. Nc3 Qc8 19. Na4 Bh3 20. gxh3 Qxh3 21.
Bf5 Qf3 22. Qe4 Qh5 23. Qg4 1-0

[Event "H.C Andersen Open"]
[Site "Odense"]
[Date "2013.05.08"]
[Round "1"]
[White "Semcesen, Daniel"]
[Black "Sorensen, Alex"]
[Result "1-0"]
[WhiteElo "2473"]
[BlackElo "1933"]
[PlyCount "73"]
[EventDate "2013.05.08"]
[EventType "swiss"]
[EventRounds "9"]
[EventCountry "DEN"]
[SourceTitle "CBM 154 Extra"]
[Source "ChessBase"]
[SourceDate "2013.06.25"]

1. Nf3 g6 2. d4 Bg7 3. c4 c5 4. d5 e5 5. Nc3 d6 6. e4 Nf6 7. h3 O-O 8. Bg5 Qb6
9. Rb1 Nh5 10. Nd2 f5 11. exf5 Bxf5 12. Nde4 Nf6 13. Bd3 Nbd7 14. O-O Nxe4 15.
Nxe4 Nf6 16. Re1 Rf7 17. Ng3 h6 18. Be3 e4 19. Bc2 Qc7 20. Qd2 Kh7 21. a3 Qd7
22. Nxf5 gxf5 23. b4 b6 24. Rf1 Rg8 25. f3 Bf8 26. fxe4 Nxe4 27. Bxe4 fxe4 28.
Rxf7+ Qxf7 29. Rf1 Qh5 30. Rf4 Bg7 31. Qe1 Be5 32. Rh4 Bg3 33. Rxh5 Bxe1 34.
Rxh6+ Kg7 35. bxc5 bxc5 36. Re6 Bg3 37. Rxe4 1-0

[Event "H.C Andersen Open"]
[Site "Odense"]
[Date "2013.05.08"]
[Round "1"]
[White "Thogersen, Rasmus"]
[Black "Rozentalis, Eduardas"]
[Result "0-1"]
[WhiteElo "2013"]
[BlackElo "2611"]
[PlyCount "80"]
[EventDate "2013.05.08"]
[EventType "swiss"]
[EventRounds "9"]
[EventCountry "DEN"]
[SourceTitle "CBM 154 Extra"]
[Source "ChessBase"]
[SourceDate "2013.06.25"]

1. e4 c6 2. d4 d5 3. Nc3 g6 4. Nf3 Bg7 5. Be2 Bg4 6. exd5 cxd5 7. h3 Bxf3 8.
Bxf3 e6 9. O-O Ne7 10. Bg5 Nbc6 11. Ne2 O-O 12. Qd2 b5 13. Rfe1 Qb6 14. c3 Nf5
15. Nc1 b4 16. Nd3 bxc3 17. bxc3 Qa5 18. Bf4 Rac8 19. Rab1 Rfe8 20. g4 Nfe7 21.
Nc5 Bxd4 22. Nb7 Qxc3 23. Nd6 Qxf3 24. Rb3 Qxf2+ 25. Qxf2 Bxf2+ 26. Kxf2 Na5
27. Nxc8 Rxc8 28. Rb8 Rxb8 29. Bxb8 Nec6 30. Rb1 f5 31. Rb5 Nc4 32. Bxa7 Kf7
33. g5 Ke8 34. Bc5 e5 35. Rb7 e4 36. Rxh7 N6e5 37. Be3 Nd3+ 38. Ke2 f4 39. Bd4
f3+ 40. Kd1 e3 0-1

[Event "H.C Andersen Open"]
[Site "Odense"]
[Date "2013.05.09"]
[Round "2"]
[White "Bjerke, Silje"]
[Black "Semcesen, Daniel"]
[Result "1/2-1/2"]
[WhiteElo "2210"]
[BlackElo "2473"]
[PlyCount "91"]
[EventDate "2013.05.08"]
[EventType "swiss"]
[EventRounds "9"]
[EventCountry "DEN"]
[SourceTitle "CBM 154 Extra"]
[Source "ChessBase"]
[SourceDate "2013.06.25"]

1. e4 e5 2. Nf3 Nc6 3. Bb5 a6 4. Ba4 Nf6 5. d3 b5 6. Bb3 Bc5 7. O-O d6 8. c3
O-O 9. Re1 h6 10. Nbd2 Ba7 11. Nf1 Ne7 12. Ng3 Ng6 13. a4 Bb7 14. Qe2 Nf4 15.
Qf1 Ne6 16. axb5 axb5 17. Be3 c5 18. h3 Re8 19. Nf5 Bb6 20. Rxa8 Bxa8 21. Bc2
Qc7 22. Bd2 Bc6 23. g4 Nf4 24. Bxf4 exf4 25. Qg2 Bd7 26. g5 Nh5 27. gxh6 Bxf5
28. exf5 Rxe1+ 29. Nxe1 Qe7 30. Nf3 Qf6 31. hxg7 Qxf5 32. Ng5 Bd8 33. Ne4 Be7
34. Qg4 Nxg7 35. d4 cxd4 36. cxd4 b4 37. d5 Kf8 38. Qxf5 Nxf5 39. Nd2 Nd4 40.
Bd3 Bf6 41. Kg2 Ke7 42. b3 Bg7 43. Bc4 Kf6 44. Ne4+ Ke5 45. Ng5 Kf6 46. h4
1/2-1/2

[Event "H.C Andersen Open"]
[Site "Odense"]
[Date "2013.05.09"]
[Round "2"]
[White "Bromann, Thorbjorn"]
[Black "Jannik, Morten Emil"]
[Result "1/2-1/2"]
[WhiteElo "2368"]
[BlackElo "1610"]
[PlyCount "67"]
[EventDate "2013.05.08"]
[EventType "swiss"]
[EventRounds "9"]
[EventCountry "DEN"]
[SourceTitle "CBM 154 Extra"]
[Source "ChessBase"]
[SourceDate "2013.06.25"]

1. d4 c6 2. Nc3 d5 3. Bg5 h6 4. Bh4 Bf5 5. Qd2 Nd7 6. f3 Ngf6 7. O-O-O Qa5 8.
Kb1 e6 9. e4 dxe4 10. fxe4 Bg4 11. Be2 Bxe2 12. Ngxe2 O-O-O 13. e5 Nxe5 14.
Rhf1 Nc4 15. Qd3 Qb4 16. b3 Na3+ 17. Kb2 Be7 18. Be1 Qd6 19. Bg3 Qb4 20. Be1
Qd6 21. Na4 Nb5 22. c4 Qa3+ 23. Ka1 Nc7 24. c5 Ncd5 25. Qd2 b5 26. Nac3 Qa6 27.
Nb1 Rd7 28. Ng1 Ne4 29. Qe2 f5 30. g4 Nxc5 31. Kb2 Bf6 32. Nf3 Nf4 33. Qe3
Ncd3+ 34. Ka1 1/2-1/2

[Event "H.C Andersen Open"]
[Site "Odense"]
[Date "2013.05.09"]
[Round "2"]
[White "Carstensen, Jacob"]
[Black "Pedersen, Henrik Bolding"]
[Result "1-0"]
[WhiteElo "2381"]
[BlackElo "2125"]
[PlyCount "59"]
[EventDate "2013.05.08"]
[EventType "swiss"]
[EventRounds "9"]
[EventCountry "DEN"]
[SourceTitle "CBM 154 Extra"]
[Source "ChessBase"]
[SourceDate "2013.06.25"]

1. d4 g6 2. e4 c5 3. d5 Bg7 4. c4 b5 5. cxb5 a6 6. Nc3 d6 7. Nf3 Nf6 8. a4 O-O
9. Bf4 Nh5 10. Bd2 Nd7 11. Be2 axb5 12. axb5 Bb7 13. O-O Rxa1 14. Qxa1 Qc7 15.
Qb1 Ra8 16. Rc1 Nb6 17. Be3 e6 18. dxe6 fxe6 19. Ng5 Qe7 20. Bg4 Bc8 21. Bxh5
gxh5 22. Qd3 Bb7 23. Rd1 h6 24. Nh3 d5 25. exd5 exd5 26. Qg6 Nc4 27. Bxh6 Nxb2
28. Ng5 Qe5 29. Qf7+ Kh8 30. Qxb7 1-0